000 00444nab a2200145Ia 4500
003 ES-SlBCS
005 20210601124325.0
008 140529s1993 xxu||||| |||| 00| 0 eng d
041 _aeng
100 1 _aMargonis, Frank
_9139734
245 0 0 _aMarxism, Liberalism, and Educational Theory
_c Frank Margonis
650 0 4 _aMarxismo-Liberalismo
_9139735
773 0 _tEducational Theory
_gvol. 43, nº. 4, 1993, págs. 449-466
_wRev1399
942 _cAR
999 _c512939
_d512939